| 000 | 01092nam0a2200265 4500 | ||
|---|---|---|---|
| 001 | RU\NLR\ONL1\14755 | ||
| 005 | 20250613122134.0 | ||
| 035 | _a(NLR Aleph) 009643496 | ||
| 090 |
_a9555987 _c9555987 |
||
| 100 | _a20090716d1920 |||y0rusy50 ca | ||
| 101 | 0 | _amdf | |
| 102 | _aRU | ||
| 105 | _ay ||||||||| | ||
| 200 | 1 |
_aАф оцю ефталмо коммунистонь партиэть видьга _fИ. Л. Вардин |
|
| 210 |
_aСимбирск _cМорд. секция п-отд. нац. меньшинств Симбир. губоргагита _d1920 |
||
| 215 |
_a39 с. _d15 |
||
| 541 | 1 |
_a[Небольшой рассказ коммуниста о партии] _zrus |
|
| 601 | 0 | 2 |
_aКПСС _xИстория _9977786 _3RU\NLR\auth\6648946 |
| 686 | 1 | _aФ61(2),02 | |
| 700 | 1 |
_4070 _7ca _8rus _aВардин _bИ. В. _cпублицист, полит. деятель _f1890-1941 _gИлларион Виссарионович _9201699 _3RU\NLR\AUTH\770201750 |
|
| 801 | 0 |
_aRU _bNLR _c20090716 _gPSBO |
|
| 852 |
_aNLR _bОНЛ _jМорд.м./1-278 |
||
| 942 | _cBOOK | ||
| 980 | _aNB | ||